000 nam a22 7a 4500
999 _c46442
_d46442
003 OSt
005 20190416132034.0
008 190416b xxu||||| |||| 00| 0 eng d
040 _cSERO SOFT
100 _aGUPTA, SANJAY
245 _aNIBANDH PATR LAIKH ANUCHAID EV KAHANIYA
260 _aGURGOON
_bCOSMOS
300 _a262
942 _2ddc
_c02